| 000 | 01014nam a22002897a 4500 | ||
|---|---|---|---|
| 999 |
_c14077 _d14077 |
||
| 003 | EG-ScBUE | ||
| 005 | 20210205121950.0 | ||
| 008 | 100614s2004 ua f 000 p ara d | ||
| 017 | _a2003/19877 | ||
| 020 | _a9773056279 | ||
| 040 |
_aEG-ScBUE _bara _erda _cEG-ScBUE _dEG-ScBUE |
||
| 082 | 0 | 4 |
_a892.716 _bق ي س _222 |
| 100 | 1 |
_98758 _aالقيسي، محمد، _eمؤلف. |
|
| 245 | 1 | 0 |
_aأباريق البلور : _bيوميات صحراوية / _cمحمد القيسي. |
| 250 | _aالطبعة الأولى. | ||
| 264 | 1 |
_aالقاهرة : _bالهيئة العامة لقصور الثقافة، _c2004. |
|
| 300 |
_a360 صفخة ؛ _c24 سم. |
||
| 336 |
_2rdacontent _aنص _btxt |
||
| 337 |
_2rdamedia _aبدون وسيط _bn |
||
| 338 |
_2rdacarrier _aمجلد _bnc |
||
| 490 | 0 |
_aآفاق عربية ؛ _v74 |
|
| 650 | 7 |
_914714 _aالشعر العربي _xدواوين وقصائد. _2BUEsh |
|
| 651 | _2BUEsh | ||
| 653 |
_bARALIT _cFebruary2021 |
||
| 655 |
_vReading book _934232 |
||
| 942 |
_2ddc _cBB |
||